Химия для поступающих в вузы: учебное пособие

מידע ביבליוגרפי
מחבר ראשי: Хомченко Г. П. Гавриил Платонович
שפה:רוסית
יצא לאור: Москва, Высшая школа, 1995
מהדורה:[2-е изд., испр.]
נושאים:
פורמט: MixedMaterials ספר
KOHA link:https://koha.lib.tpu.ru/cgi-bin/koha/opac-detail.pl?biblionumber=345463

MARC

LEADER 00000nam0a2200000 4500
001 345463
005 20231102005757.0
010 |a 5060029654 
035 |a (RuTPU)RU\TPU\book\377301 
035 |a RU\TPU\book\56976 
090 |a 345463 
100 |a 20201209d1995 m y0rusy50 ca 
101 0 |a rus 
102 |a RU 
105 |a a j 000zy 
200 1 |a Химия для поступающих в вузы  |e учебное пособие  |f Г. П. Хомченко 
205 |a [2-е изд., испр.] 
210 |a Москва  |c Высшая школа  |d 1995 
215 |a 448 с.  |c ил. 
606 1 |a Химия  |2 stltpush  |3 (RuTPU)RU\TPU\subj\17362  |9 43035 
610 1 |a задачи 
610 1 |a решения 
610 1 |a учебные пособия 
675 |a 54(076)  |v 3 
700 1 |a Хомченко  |b Г. П.  |g Гавриил Платонович 
801 0 |a RU  |b 63413507  |c 20011210  |g PSBO 
801 1 |a RU  |b 63413507  |c 20030717  |g PSBO 
801 2 |a RU  |b 63413507  |c 20210205  |g PSBO 
942 |c BK